[Event "Montreal Mercredi 04"]
[Site "Montreal CAN"]
[Date "2017.01.27"]
[Round "1"]
[White "Lopez Linares, Lizandro"]
[Black "Tremblay, Alain"]
[Result "0-1"]
[WhiteElo "2202"]
[BlackElo "2158"]
[WhiteFideId "-1"]
[WhiteFideId "-1"]
[PlyCount "113"]
[GameId "2160767908475090"]
[EventDate "2017.01.04"]
[EventType "swiss"]
[EventRounds "5"]
[EventCountry "CAN"]
[SourceTitle "EXT 2022"]
[Source "ChessBase"]
[SourceDate "2021.10.06"]
[SourceVersion "1"]
[SourceVersionDate "2021.10.06"]
[SourceQuality "1"]

1. d4 e6 2. g3 f5 3. Bg2 Nf6 4. c4 Be7 5. Nc3 O-O 6. Nh3 d6 7. O-O e5 8. dxe5 dxe5 9. Qb3 Nc6 10. c5+ Kh8 11. Be3 Qe8 12. Nb5 Bd8 13. Rad1 a6 14. Na3 Qh5 15. f4 Ng4 16. Rd2 e4 17. Nc2 Bf6 18. Rfd1 Re8 19. Kh1 a5 20. a4 h6 21. Bg1 g5 22. Qb5 Qf7 23. Ne3 Nxe3 24. Bxe3 g4 25. Nf2 Rb8 26. h3 h5 27. hxg4 hxg4 28. Kg1 Be6 29. Re1 Kg7 30. Nd1 Rh8 31. Kf1 Qh5 32. Bg1 Qf7 33. Ne3 Kg6 34. Red1 Rhd8 35. Ke1 Nd4 36. Rxd4 Rxd4 37. Rxd4 Bxd4 38. Nxg4 Qg7 39. Ne5+ Bxe5 40. fxe5 Qd7 41. Qxa5 Rd8 42. Be3 Qd1+ 43. Kf2 Bc4 44. Bf1 Rh8 45. Qxc7 Rh2+ 46. Kg1 Rh1+ 47. Kxh1 Qxf1+ 48. Bg1 Qh3+ 49. Bh2 Bxe2 50. Qd6+ Kh5 51. Qd2 Qf1+ 52. Bg1 Qh3+ 53. Bh2 Bf3+ 54. Kg1 e3 55. Qc2 e2 56. g4+ Qxg4+ 57. Kf2 0-1

[Event "Montreal Mercredi 04"]
[Site "Montreal CAN"]
[Date "2017.01.11"]
[Round "2"]
[White "Autotte, Daniel"]
[Black "Baran, Marius"]
[Result "1/2-1/2"]
[WhiteElo "1785"]
[BlackElo "1779"]
[WhiteFideId "-1"]
[WhiteFideId "-1"]
[PlyCount "98"]
[GameId "2160767908475091"]
[EventDate "2017.01.04"]
[EventType "swiss"]
[EventRounds "5"]
[EventCountry "CAN"]
[SourceTitle "EXT 2022"]
[Source "ChessBase"]
[SourceDate "2021.10.06"]
[SourceVersion "1"]
[SourceVersionDate "2021.10.06"]
[SourceQuality "1"]

1. d4 d5 2. Bf4 Nf6 3. e3 Bf5 4. c3 c6 5. Qb3 Qb6 6. Nd2 Nbd7 7. Ngf3 e6 8. Ne5 Be7 9. Be2 O-O 10. O-O Nxe5 11. Bxe5 Nd7 12. Bg3 Qxb3 13. axb3 f6 14. b4 a6 15. Ra2 e5 16. Rfa1 Rae8 17. Bf1 Bd6 18. Nb3 Nb6 19. Nc5 Bc8 20. b3 f5 21. dxe5 Bxe5 22. Bxe5 Rxe5 23. Rd2 Nd7 24. Nxd7 Bxd7 25. c4 Be6 26. Rc1 f4 27. exf4 Rxf4 28. f3 Re3 29. Re2 Rxe2 30. Bxe2 Rd4 31. Rc2 Kf7 32. Kf2 Rf4 33. g3 Rf6 34. Kg2 Ke7 35. Bd3 Bf5 36. Re2+ Kd6 37. c5+ Kd7 38. Bxf5+ Rxf5 39. f4 Rf6 40. Kf3 Re6 41. Re3 Rxe3+ 42. Kxe3 Ke6 43. Kf3 g6 44. g4 Kf6 45. Kg3 Ke6 46. Kf3 h6 47. Ke3 h5 48. h3 Kf6 49. Kd4 Ke6 1/2-1/2

[Event "Montreal Mercredi 04"]
[Site "Montreal CAN"]
[Date "2017.01.11"]
[Round "2"]
[White "Beaulieu, Pierre"]
[Black "Langlois-Remillard, Alexis"]
[Result "1-0"]
[WhiteElo "1896"]
[BlackElo "1956"]
[WhiteFideId "-1"]
[WhiteFideId "-1"]
[PlyCount "65"]
[GameId "2160767908475092"]
[EventDate "2017.01.04"]
[EventType "swiss"]
[EventRounds "5"]
[EventCountry "CAN"]
[SourceTitle "EXT 2022"]
[Source "ChessBase"]
[SourceDate "2021.10.06"]
[SourceVersion "1"]
[SourceVersionDate "2021.10.06"]
[SourceQuality "1"]

1. b3 e5 2. Bb2 Nc6 3. e3 Nf6 4. g3 d6 5. Bg2 g6 6. Ne2 Bg7 7. d3 O-O 8. Nd2 Nh5 9. O-O f5 10. f4 a5 11. a3 Qe7 12. Re1 exf4 13. Bxg7 Qxe3+ 14. Kh1 Nxg7 15. Nxf4 Qc5 16. Nd5 Nd8 17. Nc4 Nde6 18. b4 axb4 19. axb4 Rxa1 20. Qxa1 Qd4 21. Qxd4 Nxd4 22. Nxc7 Nxc2 23. Rb1 Rd8 24. Bd5+ Kf8 25. b5 Rd7 26. b6 Ne8 27. Nxe8 Kxe8 28. Be6 Ke7 29. Bxd7 Bxd7 30. Na5 Nd4 31. Rc1 Bc6+ 32. Nxc6+ Nxc6 33. Rxc6 1-0

[Event "Montreal Mercredi 04"]
[Site "Montreal CAN"]
[Date "2017.01.11"]
[Round "2"]
[White "Brassard, Sylvain"]
[Black "Zumsteg, Nicolas"]
[Result "0-1"]
[WhiteElo "1881"]
[BlackElo "1870"]
[WhiteFideId "-1"]
[WhiteFideId "-1"]
[PlyCount "82"]
[GameId "2160767908475093"]
[EventDate "2017.01.04"]
[EventType "swiss"]
[EventRounds "5"]
[EventCountry "CAN"]
[SourceTitle "EXT 2022"]
[Source "ChessBase"]
[SourceDate "2021.10.06"]
[SourceVersion "1"]
[SourceVersionDate "2021.10.06"]
[SourceQuality "1"]

1. Nf3 Nf6 2. b3 d5 3. e3 Nc6 4. Bb2 e6 5. Bb5 Bd7 6. Bxc6 Bxc6 7. O-O b6 8. d4 Be7 9. Nbd2 O-O 10. Rc1 Bb7 11. Ne5 Rc8 12. Qe2 Nd7 13. Nxd7 Qxd7 14. Rfd1 Rfd8 15. c3 Bd6 16. Nb1 Qe7 17. b4 c5 18. a3 c4 19. Nd2 e5 20. dxe5 Bxe5 21. Nf3 Bb8 22. Rd4 Rc6 23. Rcd1 Rcd6 24. Nd2 Rh6 25. Nf1 Be5 26. R4d2 Bxh2+ 27. Nxh2 Qh4 28. f3 Qxh2+ 29. Kf2 Rg6 30. Qf1 Qg3+ 31. Kg1 Re8 32. Qf2 Qe5 33. Re2 Rh6 34. Rd4 Qh5 35. Kf1 Qg6 36. Kg1 Re5 37. Rh4 Reh5 38. Rxh5 Rxh5 39. Qe1 f6 40. g4 Rh3 41. Rf2 Qh6 0-1

[Event "Montreal Mercredi 04"]
[Site "Montreal CAN"]
[Date "2017.01.11"]
[Round "2"]
[White "Cardin, Guillaume"]
[Black "Singher, Jean-Pierre"]
[Result "1-0"]
[WhiteElo "2034"]
[BlackElo "2025"]
[WhiteFideId "-1"]
[WhiteFideId "-1"]
[PlyCount "46"]
[GameId "2160767908475094"]
[EventDate "2017.01.04"]
[EventType "swiss"]
[EventRounds "5"]
[EventCountry "CAN"]
[SourceTitle "EXT 2022"]
[Source "ChessBase"]
[SourceDate "2021.10.06"]
[SourceVersion "1"]
[SourceVersionDate "2021.10.06"]
[SourceQuality "1"]

1. d4 Nf6 2. c4 e6 3. g3 c5 4. d5 exd5 5. cxd5 d6 6. Nc3 g6 7. Nf3 Bg7 8. Bg2 O-O 9. O-O a6 10. a4 Nbd7 11. Bf4 Qc7 12. h3 Re8 13. Qc2 Rb8 14. a5 b5 15. axb6 Rxb6 16. e4 Nh5 17. Bd2 Rb4 18. Rfe1 Nhf6 19. Bf4 Qb8 20. Ra2 h6 21. Bf1 Kh7 22. Kg2 Nh5 23. Bc1 Nb6 1-0

[Event "Montreal Mercredi 04"]
[Site "Montreal CAN"]
[Date "2017.01.11"]
[Round "2"]
[White "Cloutier, Mathieu"]
[Black "Huang, Qiuyu"]
[Result "1/2-1/2"]
[WhiteElo "2036"]
[BlackElo "2165"]
[WhiteFideId "-1"]
[WhiteFideId "-1"]
[PlyCount "70"]
[GameId "2160767908475095"]
[EventDate "2017.01.04"]
[EventType "swiss"]
[EventRounds "5"]
[EventCountry "CAN"]
[SourceTitle "EXT 2022"]
[Source "ChessBase"]
[SourceDate "2021.10.06"]
[SourceVersion "1"]
[SourceVersionDate "2021.10.06"]
[SourceQuality "1"]

1. e4 c5 2. Nf3 Nc6 3. d4 cxd4 4. Nxd4 e5 5. Nb5 a6 6. Nd6+ Bxd6 7. Qxd6 Qf6 8. Qxf6 Nxf6 9. f3 d5 10. exd5 Nxd5 11. c3 Bf5 12. Kf2 O-O-O 13. g4 Bg6 14. Na3 Rhe8 15. Nc4 f6 16. a4 e4 17. Bg2 e3+ 18. Nxe3 Nf4 19. Bf1 Ne5 20. Nc4 Nfd3+ 21. Bxd3 Bxd3 22. Nxe5 Rxe5 23. Be3 f5 24. f4 Re6 25. g5 h6 26. h4 Rde8 27. Rhe1 hxg5 28. hxg5 g6 29. Rad1 Bc4 30. Rd4 b5 31. a5 Kc7 32. Rdd1 Kc6 33. Bc1 Rxe1 34. Rxe1 Rxe1 35. Kxe1 Kd5 1/2-1/2

[Event "Montreal Mercredi 04"]
[Site "Montreal CAN"]
[Date "2017.01.11"]
[Round "2"]
[White "Gates, Claude-Eric"]
[Black "Dumouchel, Alain"]
[Result "0-1"]
[WhiteElo "1793"]
[BlackElo "1803"]
[WhiteFideId "-1"]
[WhiteFideId "-1"]
[PlyCount "112"]
[GameId "2160767908475096"]
[EventDate "2017.01.04"]
[EventType "swiss"]
[EventRounds "5"]
[EventCountry "CAN"]
[SourceTitle "EXT 2022"]
[Source "ChessBase"]
[SourceDate "2021.10.06"]
[SourceVersion "1"]
[SourceVersionDate "2021.10.06"]
[SourceQuality "1"]

1. e4 d6 2. d4 Nf6 3. Nc3 Nbd7 4. Nf3 e5 5. Bc4 Be7 6. h3 O-O 7. Be3 c6 8. Qd2 Nxe4 9. Bxf7+ Rxf7 10. Nxe4 exd4 11. Qxd4 d5 12. Neg5 Rf6 13. O-O-O h6 14. h4 Bc5 15. Qd3 Bxe3+ 16. fxe3 Nf8 17. Nh3 Bf5 18. Qb3 Qe7 19. Nf2 Kh8 20. Rhf1 Re8 21. Rde1 Bh7 22. Ng4 Rf5 23. Qc3 Kg8 24. Qb3 Qf7 25. Nge5 Qe6 26. Nd3 Rf7 27. Nd4 Qe7 28. Nf3 Be4 29. Nde5 Rf5 30. a3 Qc5 31. Nd3 Qb6 32. Qc3 a5 33. a4 Bxf3 34. Nc5 Bg4 35. Rxf5 Bxf5 36. Rf1 Be4 37. g4 Qb4 38. Qxb4 axb4 39. Kd2 b6 40. Nd3 Bxd3 41. cxd3 Ng6 42. h5 Ne5 43. Rf4 c5 44. e4 dxe4 45. Rxe4 Nf3+ 46. Ke3 Rxe4+ 47. Kxe4 Nd4 48. Kd5 Kf7 49. a5 bxa5 50. Kxc5 Nb3+ 51. Kc4 Nc1 52. d4 Ke6 53. Kb5 Nd3 54. Kxa5 Kd5 55. b3 Kxd4 56. Kb5 Kc3 0-1

[Event "Montreal Mercredi 04"]
[Site "Montreal CAN"]
[Date "2017.01.11"]
[Round "2"]
[White "Have, Didier"]
[Black "Morin, Louis"]
[Result "0-1"]
[WhiteElo "1964"]
[BlackElo "1905"]
[WhiteFideId "-1"]
[WhiteFideId "-1"]
[PlyCount "98"]
[GameId "2160767908475097"]
[EventDate "2017.01.04"]
[EventType "swiss"]
[EventRounds "5"]
[EventCountry "CAN"]
[SourceTitle "EXT 2022"]
[Source "ChessBase"]
[SourceDate "2021.10.06"]
[SourceVersion "1"]
[SourceVersionDate "2021.10.06"]
[SourceQuality "1"]

1. d4 e5 2. dxe5 Nc6 3. Nf3 Qe7 4. Bf4 Qb4+ 5. Bd2 Qxb2 6. Nc3 Bb4 7. Rb1 Qa3 8. Rb3 Qa5 9. a3 Bxc3 10. Bxc3 Qc5 11. e6 f6 12. Qd2 dxe6 13. e4 Nge7 14. Bd3 O-O 15. O-O a6 16. Bb2 Ng6 17. a4 Rd8 18. Rd1 b6 19. Ba3 Qh5 20. Qc3 Bb7 21. Re1 Rd7 22. Bc4 Nf4 23. g3 Qg4 24. Bc1 Nh3+ 25. Kg2 Na5 26. Rb4 Nxc4 27. Qxc4 a5 28. Rb3 Bd5 29. Qb5 c6 30. Qd3 Bxb3 31. Qxd7 Bxa4 32. Nd4 Ng5 33. Bxg5 Qxg5 34. Qxe6+ Kh8 35. Nxc6 Qc5 36. Rd1 Qxc6 37. Rd6 Qe8 38. Qf5 Bxc2 39. Re6 Qd7 40. f3 Bb3 41. Rxb6 Qxf5 42. exf5 a4 43. Rc6 a3 44. Rc1 a2 45. Ra1 Rc8 46. Kf2 Rc2+ 47. Ke3 Rb2 48. Rc1 Rb1 49. Rc8+ Bg8 0-1

[Event "Montreal Mercredi 04"]
[Site "Montreal CAN"]
[Date "2017.01.11"]
[Round "2"]
[White "Jean, Robert"]
[Black "Nardone, Raul"]
[Result "1/2-1/2"]
[WhiteElo "1802"]
[BlackElo "1842"]
[WhiteFideId "-1"]
[WhiteFideId "-1"]
[PlyCount "93"]
[GameId "2160767908475098"]
[EventDate "2017.01.04"]
[EventType "swiss"]
[EventRounds "5"]
[EventCountry "CAN"]
[SourceTitle "EXT 2022"]
[Source "ChessBase"]
[SourceDate "2021.10.06"]
[SourceVersion "1"]
[SourceVersionDate "2021.10.06"]
[SourceQuality "1"]

1. d4 Nf6 2. c4 g6 3. Nc3 Bg7 4. e4 d6 5. f3 O-O 6. Be3 e5 7. Nge2 exd4 8. Nxd4 Nc6 9. Qd2 Nxd4 10. Bxd4 Be6 11. Be2 c6 12. Be3 Qa5 13. a3 Rfd8 14. O-O d5 15. b4 Qc7 16. cxd5 cxd5 17. Nb5 Qe5 18. Bf4 Qh5 19. Rad1 dxe4 20. Qxd8+ Rxd8 21. Rxd8+ Bf8 22. Bd6 Nd7 23. Nc7 Bh3 24. Bg3 Bf5 25. fxe4 Qxe2 26. exf5 Qe7 27. Re8 Qg5 28. fxg6 hxg6 29. Bf4 Qh4 30. g3 Qg4 31. Kg2 Kg7 32. h3 Qh5 33. Rf2 a5 34. g4 Qh4 35. Rd2 Qf6 36. Bg3 Qc6+ 37. Kh2 axb4 38. axb4 Bxb4 39. Rde2 Bd6 40. Rc8 Bxg3+ 41. Kxg3 Qd6+ 42. Kg2 Qd3 43. Rf2 Qe4+ 44. Kh2 Qe5+ 45. Kg2 Qe4+ 46. Kh2 Qe5+ 47. Kg2 1/2-1/2

[Event "Montreal Mercredi 04"]
[Site "Montreal CAN"]
[Date "2017.01.11"]
[Round "2"]
[White "Khudaverdian, Berj"]
[Black "Gauthier, Luc"]
[Result "1-0"]
[WhiteElo "1675"]
[BlackElo "1754"]
[WhiteFideId "-1"]
[WhiteFideId "-1"]
[PlyCount "89"]
[GameId "2160767908475099"]
[EventDate "2017.01.04"]
[EventType "swiss"]
[EventRounds "5"]
[EventCountry "CAN"]
[SourceTitle "EXT 2022"]
[Source "ChessBase"]
[SourceDate "2021.10.06"]
[SourceVersion "1"]
[SourceVersionDate "2021.10.06"]
[SourceQuality "1"]

1. Nf3 f5 2. g3 Nf6 3. Bg2 e6 4. d3 d6 5. Nbd2 Be7 6. O-O O-O 7. e4 fxe4 8. dxe4 e5 9. c3 h6 10. Qc2 Qe8 11. Nh4 Kh7 12. Nf5 Bd8 13. h3 Nc6 14. Nc4 Ne7 15. g4 Nxf5 16. exf5 d5 17. Ne3 c6 18. Re1 Bc7 19. Nf1 Qf7 20. Be3 b6 21. Rad1 Bb7 22. Ng3 Kh8 23. Qc1 Rad8 24. b4 Ba6 25. Bf1 Bxf1 26. Rxf1 Qe7 27. Kg2 Bb8 28. a4 c5 29. bxc5 bxc5 30. Qa3 d4 31. cxd4 exd4 32. Bc1 Qb7+ 33. f3 Qc7 34. f4 Nd5 35. Qf3 Qa5 36. g5 Qxa4 37. gxh6 gxh6 38. Qh5 Qc6 39. Kh2 Rg8 40. Rf2 Rd7 41. Re1 Nf6 42. Qh4 Rxg3 43. Qxg3 Ne4 44. Qg2 d3 45. Rxe4 1-0

[Event "Montreal Mercredi 04"]
[Site "Montreal CAN"]
[Date "2017.01.11"]
[Round "2"]
[White "Lessard, Sylvain"]
[Black "Zheng, Richard"]
[Result "1/2-1/2"]
[WhiteElo "1709"]
[BlackElo "1766"]
[WhiteFideId "-1"]
[WhiteFideId "-1"]
[PlyCount "54"]
[GameId "2160767908475100"]
[EventDate "2017.01.04"]
[EventType "swiss"]
[EventRounds "5"]
[EventCountry "CAN"]
[SourceTitle "EXT 2022"]
[Source "ChessBase"]
[SourceDate "2021.10.06"]
[SourceVersion "1"]
[SourceVersionDate "2021.10.06"]
[SourceQuality "1"]

1. c4 Nf6 2. Nc3 g6 3. g3 Bg7 4. Bg2 O-O 5. Rb1 a5 6. a3 c5 7. e3 d6 8. Nge2 Nc6 9. O-O Bf5 10. d3 Ne5 11. e4 Bd7 12. h3 Nc6 13. Be3 e5 14. Qd2 Nd4 15. f4 Nh5 16. g4 Nxe2+ 17. Nxe2 Nxf4 18. Nxf4 exf4 19. Bxf4 Bd4+ 20. Be3 Qg5 21. Rbe1 Qe5 22. Bxd4 Qxd4+ 23. Kh1 Be6 24. Qc3 Qxc3 25. bxc3 Rab8 26. Rb1 Bd7 27. Rf6 Be6 1/2-1/2

[Event "Montreal Mercredi 04"]
[Site "Montreal CAN"]
[Date "2017.01.11"]
[Round "2"]
[White "Lopez Linares, Lizandro"]
[Black "Boudreau, Daniel"]
[Result "1-0"]
[WhiteElo "2202"]
[BlackElo "2177"]
[WhiteFideId "-1"]
[WhiteFideId "-1"]
[PlyCount "108"]
[GameId "2160767908475101"]
[EventDate "2017.01.04"]
[EventType "swiss"]
[EventRounds "5"]
[EventCountry "CAN"]
[SourceTitle "EXT 2022"]
[Source "ChessBase"]
[SourceDate "2021.10.06"]
[SourceVersion "1"]
[SourceVersionDate "2021.10.06"]
[SourceQuality "1"]

1. d4 d5 2. Nf3 e6 3. c4 Nf6 4. Nc3 Bb4 5. Qb3 c5 6. e3 Nc6 7. dxc5 O-O 8. Bd2 Bxc5 9. Na4 Bd6 10. c5 Bc7 11. Be2 Ne4 12. O-O f5 13. Rfd1 Rf6 14. Be1 Rh6 15. g3 g5 16. Nd4 Qe8 17. Nb5 Bb8 18. Nbc3 Nf6 19. Rd2 Ne5 20. f4 gxf4 21. exf4 Neg4 22. Bf3 Rh3 23. Re2 Qh5 24. Qc2 Bd7 25. Rd1 Bc7 26. b4 Qf7 27. Qb3 b5 28. cxb6 axb6 29. b5 Rd8 30. Nb2 Ne4 31. Nxe4 dxe4 32. Bxg4 fxg4 33. Rxe4 Qf5 34. Red4 Qc5 35. Bf2 Qe7 36. f5 Bc8 37. Rxg4+ Kf8 38. Rf1 Rh6 39. fxe6 Rf6 40. Re4 Bb7 41. Re3 Bd5 42. Qc3 Bd6 43. Nd3 Bxa2 44. Qc6 Rb8 45. Rfe1 Kg7 46. Rf3 Rbf8 47. Bd4 Bc5 48. Nxc5 bxc5 49. Bxc5 Rxe6 50. Bxe7 Rxe1+ 51. Kf2 Rxf3+ 52. Kxe1 Re3+ 53. Kd2 Rxe7 54. b6 Bb1 1-0

[Event "Montreal Mercredi 04"]
[Site "Montreal CAN"]
[Date "2017.01.11"]
[Round "2"]
[White "Tremblay, Alain"]
[Black "Lebeau, Gilbert"]
[Result "1-0"]
[WhiteElo "2158"]
[BlackElo "2082"]
[WhiteFideId "-1"]
[WhiteFideId "-1"]
[PlyCount "55"]
[GameId "2160767908475102"]
[EventDate "2017.01.04"]
[EventType "swiss"]
[EventRounds "5"]
[EventCountry "CAN"]
[SourceTitle "EXT 2022"]
[Source "ChessBase"]
[SourceDate "2021.10.06"]
[SourceVersion "1"]
[SourceVersionDate "2021.10.06"]
[SourceQuality "1"]

1. e4 c5 2. Nf3 Nc6 3. g3 Nf6 4. d3 d5 5. e5 Ng4 6. Qe2 Nh6 7. h3 g6 8. Bg2 Bg7 9. O-O O-O 10. Bf4 Nf5 11. c3 e6 12. Nbd2 b6 13. Rfe1 h6 14. h4 a5 15. Nf1 Bb7 16. Rac1 a4 17. a3 Rc8 18. N1h2 h5 19. Bg5 Qd7 20. g4 Nh6 21. gxh5 gxh5 22. Qd2 Ng4 23. Nxg4 hxg4 24. Bf6 Ne7 25. Qg5 Nf5 26. Nh2 Kh7 27. Bxg7 Nxg7 28. Nxg4 1-0

[Event "Montreal Mercredi 04"]
[Site "Montreal CAN"]
[Date "2017.01.18"]
[Round "3"]
[White "Baran, Marius"]
[Black "Khudaverdian, Berj"]
[Result "1-0"]
[WhiteElo "1779"]
[BlackElo "1675"]
[WhiteFideId "-1"]
[WhiteFideId "-1"]
[PlyCount "143"]
[GameId "2160767908475103"]
[EventDate "2017.01.04"]
[EventType "swiss"]
[EventRounds "5"]
[EventCountry "CAN"]
[SourceTitle "EXT 2022"]
[Source "ChessBase"]
[SourceDate "2021.10.06"]
[SourceVersion "1"]
[SourceVersionDate "2021.10.06"]
[SourceQuality "1"]

1. e4 d6 2. d4 Nf6 3. Nc3 g6 4. f4 Bg7 5. Nf3 O-O 6. Bd3 Nbd7 7. O-O c6 8. e5 Ne8 9. Be3 e6 10. Ne4 Nb6 11. Qe1 Nd5 12. Bd2 b6 13. c4 Ne7 14. Qh4 Bb7 15. g4 f5 16. Neg5 h6 17. Nxe6 Qd7 18. Nxf8 Kxf8 19. h3 d5 20. Bb4 c5 21. Ba3 dxc4 22. Be2 Bxf3 23. Bxf3 Qxd4+ 24. Kg2 Rc8 25. Qg3 Nd5 26. Bxd5 Qxd5+ 27. Qf3 Qe6 28. Rad1 b5 29. b3 b4 30. Bc1 cxb3 31. Qxb3 Qc6+ 32. Qd5 fxg4 33. hxg4 Qa6 34. Rf2 c4 35. g5 Qc6 36. Be3 Qxd5+ 37. Rxd5 c3 38. Rc2 Kf7 39. Rd7+ Ke6 40. Rxa7 hxg5 41. Rb7 gxf4 42. Bxf4 Rc4 43. Kf3 Nc7 44. Bg3 g5 45. Ke2 Bf8 46. Kd3 Rc6 47. Rb8 Be7 48. Rh2 Kf5 49. Kc2 Nd5 50. Re2 Kg4 51. Bh2 Kf3 52. Re1 Ne3+ 53. Kc1 Kf2 54. Bg3+ Kf3 55. Bh2 Ra6 56. Bg1 Bc5 57. Bxe3 Bxe3+ 58. Kb1 Bd2 59. Rf1+ Ke2 60. Rf6 Ra5 61. e6 Re5 62. Kc2 Ra5 63. Kb1 Kd3 64. Rd8+ Ke2 65. e7 c2+ 66. Kxc2 Rc5+ 67. Kb3 Rc3+ 68. Ka4 Ra3+ 69. Kb5 Re3 70. e8=Q Rxe8 71. Rxe8+ Kd3 72. Rd8+ 1-0

[Event "Montreal Mercredi 04"]
[Site "Montreal CAN"]
[Date "2017.01.18"]
[Round "3"]
[White "Boudreau, Daniel"]
[Black "Tremblay, Alain"]
[Result "0-1"]
[WhiteElo "2177"]
[BlackElo "2158"]
[WhiteFideId "-1"]
[WhiteFideId "-1"]
[PlyCount "28"]
[GameId "2160767908475104"]
[EventDate "2017.01.04"]
[EventType "swiss"]
[EventRounds "5"]
[EventCountry "CAN"]
[SourceTitle "EXT 2022"]
[Source "ChessBase"]
[SourceDate "2021.10.06"]
[SourceVersion "1"]
[SourceVersionDate "2021.10.06"]
[SourceQuality "1"]

1. e4 c5 2. Nc3 e6 3. f4 g6 4. Nf3 Nc6 5. Bb5 Nd4 6. Bc4 Bg7 7. d3 Ne7 8. Be3 O-O 9. O-O d5 10. Bb3 Nxb3 11. axb3 d4 12. Bd2 dxc3 13. Bxc3 Nc6 14. Bxg7 Kxg7 0-1

[Event "Montreal Mercredi 04"]
[Site "Montreal CAN"]
[Date "2017.01.18"]
[Round "3"]
[White "Gates, Claude-Eric"]
[Black "Jean, Robert"]
[Result "1/2-1/2"]
[WhiteElo "1793"]
[BlackElo "1802"]
[WhiteFideId "-1"]
[WhiteFideId "-1"]
[PlyCount "51"]
[GameId "2160767908475105"]
[EventDate "2017.01.04"]
[EventType "swiss"]
[EventRounds "5"]
[EventCountry "CAN"]
[SourceTitle "EXT 2022"]
[Source "ChessBase"]
[SourceDate "2021.10.06"]
[SourceVersion "1"]
[SourceVersionDate "2021.10.06"]
[SourceQuality "1"]

1. e4 c5 2. d4 cxd4 3. c3 Nf6 4. e5 Nd5 5. Nf3 Nc6 6. Bc4 e6 7. Bxd5 exd5 8. O-O Be7 9. Qb3 Qa5 10. cxd4 O-O 11. Nc3 d6 12. Nxd5 dxe5 13. Nxe7+ Nxe7 14. Nxe5 Nd5 15. Qg3 Qb6 16. b3 Bf5 17. Nc4 Qxd4 18. Ba3 Nc3 19. Kh1 Rfd8 20. Bb2 Ne2 21. Qg5 Qg4 22. Qxg4 Bxg4 23. Rfe1 Bh5 24. h3 Nf4 25. Re4 Nd3 26. Kg1 1/2-1/2

[Event "Montreal Mercredi 04"]
[Site "Montreal CAN"]
[Date "2017.01.18"]
[Round "3"]
[White "Gauthier, Luc"]
[Black "Lessard, Sylvain"]
[Result "1/2-1/2"]
[WhiteElo "1754"]
[BlackElo "1709"]
[WhiteFideId "-1"]
[WhiteFideId "-1"]
[PlyCount "94"]
[GameId "2160767908475106"]
[EventDate "2017.01.04"]
[EventType "swiss"]
[EventRounds "5"]
[EventCountry "CAN"]
[SourceTitle "EXT 2022"]
[Source "ChessBase"]
[SourceDate "2021.10.06"]
[SourceVersion "1"]
[SourceVersionDate "2021.10.06"]
[SourceQuality "1"]

1. e4 c5 2. Nc3 e6 3. f4 d5 4. exd5 exd5 5. Bb5+ Bd7 6. Qe2+ Be7 7. Nxd5 Nc6 8. Nf3 Be6 9. Bxc6+ bxc6 10. Nxe7 Nxe7 11. d3 O-O 12. Ne5 Qb6 13. c3 Rad8 14. O-O Bf5 15. Rd1 f6 16. Nc4 Qc7 17. Be3 Nd5 18. g4 Bg6 19. f5 Bf7 20. Bxc5 Rfe8 21. Qf3 Nf4 22. Bd6 Ne2+ 23. Qxe2 Rxd6 24. Qf3 Bd5 25. Qf4 Rd7 26. Qxc7 Rxc7 27. Re1 Rce7 28. Rxe7 Rxe7 29. Kf2 Bxc4 30. dxc4 Re4 31. Kf3 Rxc4 32. Rd1 h5 33. Rd4 hxg4+ 34. Kxg4 Rc5 35. Rd8+ Kh7 36. Rd4 Ra5 37. a3 Re5 38. Rd2 Re4+ 39. Kf3 Re5 40. Kf4 Rb5 41. a4 Rc5 42. h3 a5 43. h4 Kh6 44. Kg4 Rc4+ 45. Rd4 Rc5 46. b4 Rxc3 47. bxa5 Rc5 1/2-1/2

[Event "Montreal Mercredi 04"]
[Site "Montreal CAN"]
[Date "2017.01.18"]
[Round "3"]
[White "Huang, Qiuyu"]
[Black "Lopez Linares, Lizandro"]
[Result "1-0"]
[WhiteElo "2165"]
[BlackElo "2202"]
[WhiteFideId "-1"]
[WhiteFideId "-1"]
[PlyCount "45"]
[GameId "2160767908475107"]
[EventDate "2017.01.04"]
[EventType "swiss"]
[EventRounds "5"]
[EventCountry "CAN"]
[SourceTitle "EXT 2022"]
[Source "ChessBase"]
[SourceDate "2021.10.06"]
[SourceVersion "1"]
[SourceVersionDate "2021.10.06"]
[SourceQuality "1"]

1. e4 d5 2. exd5 Qxd5 3. Nc3 Qa5 4. d3 Nf6 5. h3 Bf5 6. g4 Bg6 7. Bg2 c6 8. Bd2 Qd8 9. Qe2 e6 10. f4 Be7 11. Nf3 Nbd7 12. O-O-O O-O 13. Nh4 Nd5 14. Nxg6 hxg6 15. h4 Re8 16. g5 Bd6 17. Nxd5 exd5 18. Qg4 Nf8 19. h5 f5 20. Qh3 Qd7 21. Bf3 d4 22. hxg6 Nxg6 23. Qh7+ 1-0

[Event "Montreal Mercredi 04"]
[Site "Montreal CAN"]
[Date "2017.01.18"]
[Round "3"]
[White "Langlois-Remillard, Alexis"]
[Black "Cardin, Guillaume"]
[Result "1-0"]
[WhiteElo "1956"]
[BlackElo "2034"]
[WhiteFideId "-1"]
[WhiteFideId "-1"]
[PlyCount "127"]
[GameId "2160767908475108"]
[EventDate "2017.01.04"]
[EventType "swiss"]
[EventRounds "5"]
[EventCountry "CAN"]
[SourceTitle "EXT 2022"]
[Source "ChessBase"]
[SourceDate "2021.10.06"]
[SourceVersion "1"]
[SourceVersionDate "2021.10.06"]
[SourceQuality "1"]

1. e4 c5 2. Nf3 Nc6 3. d4 cxd4 4. Nxd4 e5 5. Nf5 d5 6. Qxd5 Qxd5 7. exd5 Bxf5 8. dxc6 bxc6 9. c3 Rb8 10. Bc4 Bc5 11. O-O Ne7 12. Re1 Ng6 13. Nd2 Ke7 14. b4 Bb6 15. a4 Rhd8 16. Nf3 f6 17. a5 Bc7 18. Be3 Ra8 19. Bc5+ Bd6 20. Nd4 Bd7 21. Nb3 Bxc5 22. Nxc5 Nf4 23. Rad1 Be6 24. Nxe6 Nxe6 25. Kf1 Nf4 26. g3 Nd5 27. Rd3 Rd6 28. b5 Nc7 29. b6 axb6 30. axb6 Rxd3 31. Bxd3 Nd5 32. b7 Rb8 33. c4 Nc3 34. Rc1 Na4 35. Be4 Rxb7 36. Bxc6 Rb4 37. Ra1 Nc3 38. Ra7+ Kd6 39. Be8 g5 40. Rxh7 Rxc4 41. Rd7+ Ke6 42. Rb7 Kf5 43. h3 Rd4 44. Rd7 Rb4 45. Rd3 Ne4 46. Bf7 g4 47. hxg4+ Kxg4 48. f3+ Kxg3 49. fxe4+ Kf4 50. Bg6 Rxe4 51. Bxe4 Kxe4 52. Ke2 f5 53. Re3+ Kf4 54. Rf3+ Ke4 55. Ra3 Kf4 56. Ra8 Ke4 57. Ra4+ Kd5 58. Ke3 Ke6 59. Ra5 Kf6 60. Ra6+ Kg5 61. Re6 e4 62. Re8 Kg4 63. Rg8+ Kh3 64. Kf4 1-0